000 00436nam a2200181Ia 4500
005 20250423095424.0
008 250422s9999 xx 000 0 und d
020 _a0-07-296906-1
050 _aBD 21 .D55/
100 _aJeffrey R. Di Leo
245 0 _aFrom socrates to cinema
260 _aBoston
260 _bMcGraw-Hill Book Company
260 _c2007
300 _a1059 p
650 _aPhilosophy Introduction
942 _cBK
999 _c30228
_d30228